Biggest Cities in North Dakota on a Map - Statistics

General Stats
  • This quiz has been taken 437 times
  • The average score is 7 of 10
Answers on the Map
Answers color-coded by a green-red scale on the quiz's map according to % correct below.
 
Answer Stats
Population City % Correct
73,112 Bismarck
100%
124,844 Fargo
98%
56,948 Grand Forks
84%
47,370 Minot
80%
36,566 West Fargo
74%
22,739 Dickinson
61%
27,096 Williston
61%
15,226 Jamestown
55%
22,519 Mandan
55%
7,753 Wahpeton
47%
No matching quizzes found
Score Distribution
Percent of People with Each Score
Percentile by Number Answered
Your Score History
You have not taken this quiz